000
00347 a2200169 4500
001
185119
020
_a
85-7319-145-7
040
_c
Magnum
100
_a
Ribeiro, Jonas
240
1
0
_a
Em nome da paz
_l
por
245
1
0
_a
Em nome da paz
300
_a
20
362
0
_a
1996
440
1
_a
Dimensão
697
_a
LITERATURA INFANTO
942
_c
BK
999
_c
185119
_d
185119